000 00333nam a2200133Ia 4500
008 240624s9999 xx 000 0 und d
041 _aeng
082 _a338.9 GAS
100 _aGASPER DES
245 _aETHICS OF DEVELOPMENT
260 _c2005
_aNew Delhi
_bVistaar Publications
300 _axix, : 255 : p. : cm. ; 21
365 _cRS
999 _c3092
_d3092